000 00814nam a22002055i 4500
001 53696
003 ES-MaACL
005 20250718184447.0
007 t|
008 960702s1885 sp ||||1| spa d
040 _aCAM
_bspa
_cCAM
100 1 _aFernández Duro, Cesáreo,
_d1830-1908
_949752
245 1 0 _aColón y la historia póstuma
_b: examen de la que escribió el Conde de Roselly de Lorgues : leído ante la Real Academia de la Historia en junta extraordinaria celebrada el dia 10 de mayo /
_cpor el capitán de navío Cesáreo Fernández Duro.
260 _aMadrid :
_b[s.n.],
_c1885 (
_fImprenta y fundición de M. Tello)
300 _a304 p. ;
_c18 cm.
600 1 4 _aColón, Cristóbal.
_939869
852 _aES-MaACL
_jF-9599
852 _aES-MaACL
_jF-416
999 _c53696
_d53696